000 00669nam a2200277Ia 4500
005 20260324134215.0
008 008 260324s9999 xx 000 0 eng d
020 _a9781315837895
037 _aEBOOK
040 _aCRL
040 _beng
040 _cCRL
041 _2eng
041 _aeng
084 _qCRL
100 _aChris Cook; John Stevenson
_91162530
245 0 _aLongman Handbook to Modern British History 1714 - 2001
260 _bTaylor and Francis
260 _c2002
365 _a
365 _b230
856 _uhttp://www.taylorfrancis.com/books/9781315837895
942 _cEBOOK
999 _c1795785
_d1795785